<?xml version="1.0" encoding="UTF-8"?>
<record
    xmlns:xsi="http://www.w3.org/2001/XMLSchema-instance"
    xsi:schemaLocation="http://www.loc.gov/MARC21/slim http://www.loc.gov/standards/marcxml/schema/MARC21slim.xsd"
    xmlns="http://www.loc.gov/MARC21/slim">

  <leader>00931nam a22001817a 4500</leader>
  <controlfield tag="003">NUST</controlfield>
  <controlfield tag="005">20250826111333.0</controlfield>
  <controlfield tag="008">220726b           ||||| |||| 00| 0 eng d</controlfield>
  <datafield tag="020" ind1=" " ind2=" ">
    <subfield code="a">9781980901754</subfield>
  </datafield>
  <datafield tag="082" ind1=" " ind2=" ">
    <subfield code="a">005.1, KIM</subfield>
  </datafield>
  <datafield tag="100" ind1=" " ind2=" ">
    <subfield code="a">Kim, Peter </subfield>
    <subfield code="9">95201</subfield>
  </datafield>
  <datafield tag="245" ind1=" " ind2=" ">
    <subfield code="a">The Hacker Playbook 3 / </subfield>
    <subfield code="b">Practical Guide To Penetration Testing</subfield>
    <subfield code="c">by Peter Kim</subfield>
  </datafield>
  <datafield tag="250" ind1=" " ind2=" ">
    <subfield code="a">Red Team Edition </subfield>
  </datafield>
  <datafield tag="260" ind1=" " ind2=" ">
    <subfield code="a">USA</subfield>
    <subfield code="b">Secure Planet </subfield>
    <subfield code="c">2018</subfield>
  </datafield>
  <datafield tag="300" ind1=" " ind2=" ">
    <subfield code="a">ix, 271: pages </subfield>
  </datafield>
  <datafield tag="505" ind1=" " ind2=" ">
    <subfield code="a">Pregame - The Setup (Page-1), Before the Snap - Red Team Recon (Page-23), The throw - Web Application Exploitation (Page-44), The Drive-Compromising the Network (Page-99), The Screen - Social Engineering (Page-173), The Onside Kick -Physical Attacks (Page-191), The Quarterback Sneak - Evading AV and Networks Detection (Page-211), Special Teams - Cracking, Exploits and Tricks (page-240), Two-Minute Drill - From Zero to Hero (Page-256). </subfield>
  </datafield>
  <datafield tag="942" ind1=" " ind2=" ">
    <subfield code="2">ddc</subfield>
    <subfield code="c">BK</subfield>
  </datafield>
  <datafield tag="999" ind1=" " ind2=" ">
    <subfield code="c">590642</subfield>
    <subfield code="d">590642</subfield>
  </datafield>
  <datafield tag="952" ind1=" " ind2=" ">
    <subfield code="0">0</subfield>
    <subfield code="1">0</subfield>
    <subfield code="2">ddc</subfield>
    <subfield code="4">0</subfield>
    <subfield code="7">0</subfield>
    <subfield code="a">MCS</subfield>
    <subfield code="b">MCS</subfield>
    <subfield code="c">GEN</subfield>
    <subfield code="d">2022-07-26</subfield>
    <subfield code="l">4</subfield>
    <subfield code="o">005.1,KIM</subfield>
    <subfield code="p">MCS38370</subfield>
    <subfield code="q">2026-06-12</subfield>
    <subfield code="r">2026-05-13</subfield>
    <subfield code="s">2026-05-13</subfield>
    <subfield code="w">2022-07-26</subfield>
    <subfield code="y">BK</subfield>
    <subfield code="z">Almirah Fresh No.43, Shelf No.4</subfield>
  </datafield>
</record>
